Ambasadorzy RP przy UE - Statystyki

Ogólne statystyki
  • Ten quiz został rozwiązany 20 razy
  • Średni wynik to 6 z 10
Statystyki odpowiedzi
Hint Odpowiedź % Poprawnych
1996-2001 Jan Truszczyński
80%
2006-07 (p.o.) Piotr Wojtczak
80%
2018- Andrzej Sadoś
60%
2001-02 Iwo Byczewski
60%
1990-96 Jan Kułakowski
60%
2002-06 Marek Grela
60%
2012-16 Marek Prawda
60%
2007-12 Jan Tombiński
40%
2016-17 Jarosław Starzyk
40%
2017-18 (p.o.) Sebastian Barkowski
40%
Nie znaleziono quizów pasujących do podanych kryteriów
Rozkład punktacji
Procent ludzi z każdym wynikiem
Percentyl według liczby udzielonych odpowiedzi
Twoja historia wyników
Nie rozwiązałeś tego quizu